Las Frutas - Estadísticas

Estadísticas generales
  • Esta prueba ha sido intentada 228 veces
    171 desde el último reinicio
  • La puntuación promedio es 31 de 40
Estadísticas de respuestas
Imagen Respuesta % Correcto
Manzana
99%
Naranja
99%
Limón
98%
Pera
98%
Kiwi
96%
Fresa/Frutilla
95%
Melón
95%
Plátano
95%
Tomate
95%
Piña
94%
Sandía
94%
Uva
94%
Aceituna/Oliva
93%
Mandarina
93%
Aguacate/Palta
91%
Frambuesa
91%
Cereza
90%
Morrón/Pimiento
90%
Lima
89%
Durazno/Melocotón
88%
Mango
88%
Pepino
88%
Granada
87%
Pomelo/Toronja
87%
Calabaza
83%
Mora
83%
Papaya
79%
Arándano
74%
Higo
70%
Ají/Chile
65%
Ciruela
60%
Albaricoque/Damasco
54%
Maracuyá
52%
Lichi
50%
Chirimoya
38%
Caqui
36%
Guayaba
33%
Membrillo
32%
Guinda
23%
Níspero
23%
No se encontraron pruebas coincidentes
Distribución de puntuación
Porcentaje de gente con cada puntuación
Porcentaje por número respondido
Historial de tus puntuaciones
No has intentado esta prueba desde el último reinicio